Países más cercanos a Comoras - ¡Muerte súbita! - Estadísticas

Estadísticas generales
  • Esta prueba ha sido intentada 23 veces
  • La puntuación promedio es 5 de 15
Answers on the Grid
Answers color-coded by a green-red scale on the quiz's grid according to % correct below.
Seychelles
Mauricio
Madagascar
Somalia
Tanzania
Uganda
Kenia
República Democrática del Congo
Zambia
Malawi
Mozambique
Zimbabue
Ruanda
Etiopía
Burundi
Lesotho
Lesotho
Esuatini
Botsuana
Namibia
República del Congo
Angola
República Centroafricana
Camerún
Sudán
Sudán del Sur
Eritrea
Yibuti
Maldivas
Yemen
 
Estadísticas de respuestas
Respuesta % Correcto
Madagascar
74%
Mozambique
68%
Tanzania
58%
Mauricio
47%
Seychelles
42%
Kenia
37%
Malawi
37%
Zambia
37%
Zimbabue
32%
Etiopía
21%
Uganda
21%
Burundi
16%
Ruanda
16%
Somalia
16%
República Democrática del Congo
5%
No se encontraron pruebas coincidentes
Distribución de puntuación
Porcentaje de gente con cada puntuación
Porcentaje por número respondido
Historial de tus puntuaciones
No has intentado esta prueba.